|
|
|
|
| LEADER |
00000nab a2200000 a 4500 |
| 001 |
vtls000689705 |
| 003 |
SK-MaSNL |
| 005 |
20260304084921.0 |
| 008 |
250425c1999 xo 0 slo |
| 015 |
|
|
|a SNBRB1999/06-16913
|
| 035 |
|
|
|a CLN000041872
|
| 035 |
|
|
|a urn:nbn:sk:snk-ab74by
|
| 035 |
|
|
|a (uuid)716695d2-2403-4066-bbd9-ad5ef01846f0
|
| 035 |
|
|
|a (urnnbn)urn:nbn:sk:snk:ar-a06t4p
|
| 035 |
|
|
|a (sysno)vtls000689705
|
| 040 |
|
|
|a SNKBUCL
|b slo
|c SNKBUCL
|e AACR2
|
| 041 |
0 |
|
|a slo
|
| 044 |
|
|
|a xo
|c SK
|
| 080 |
|
|
|a 930.25(436):061.3
|2 1997
|
| 100 |
1 |
|
|a Nováková, Veronika
|4 aut
|9 233361
|
| 245 |
1 |
0 |
|a 28. archívny deň rakúskych archivárov
|c Veronika Nováková
|
| 246 |
1 |
3 |
|a Dvadsiaty ôsmy deň rakúskych archivárov
|
| 610 |
|
7 |
|a Deň rakúskych archivárov
|b 28.
|d 1999
|2 snkbucl
|9 1377821
|
| 655 |
|
7 |
|a články z novín a časopisov
|2 snkbucl
|9 267496
|
| 773 |
0 |
|
|t Fórum archivárov
|g Roč. 10, č. 4 (1999), s. 12-15
|
| 850 |
|
|
|a Slovenská národná knižnica
|
| 852 |
|
|
|a Slovenská národná knižnica
|
| 954 |
|
|
|a odborná, vedecká literatúra pôvodná (slovenská)
|2 lita
|
| 958 |
|
|
|a article27
|
| 958 |
|
|
|a AT
|
| 958 |
|
|
|a OND
|
| 958 |
|
|
|a EUIPO
|
| 992 |
|
|
|a RBX
|
| 999 |
|
|
|c 2805633
|d 2807563
|